International Human Rights in Context : Law, Polics, Morals : Text and Materials /

Contenido: 1) Introducción a las cuestiones y discursos de los derechos humanos, 2) Hasta los Juicios de Nuremberg: antecedentes del movimiento de los derechos humanos, 3) Derechos civiles y políticos, 4) Derechos económicos y sociales, 5) Derechos, deberes y relativismo cultural, 6) Tradiciones y d...

Fuld beskrivelse

Guardado en:
Bibliografiske detaljer
Hovedforfatter: Steiner, Henry J. (autor)
Andre forfattere: Alston, Philip (autor) (autor)
Format: Bog
Sprog:engelsk
Udgivet: Oxford, Inglaterra : Oxford University, 2000, c2000
Udgivelse:2a edición
Fag:
Tags: Tilføj Tag
Ingen Tags, Vær først til at tagge denne postø!

MARC

LEADER 00000nam^a2200000^a^4500
001 000165298
005 20250521000000.0
009 20260310101014.786
020 |a 0-19-829849-8 
037 |a Acervo ITESO - Biblioteca 
041 |a ING 
082 |a 323.  |b IHR 2000 
100 |a Steiner, Henry J.  |e (autor) 
240 1 1 |a [International Human Rights in Context: Law, Politics, Morals: Text and Materials] 
245 1 0 |a International Human Rights in Context :  |b Law, Polics, Morals : Text and Materials /  |c H.J. Steiner, P. Alston. 
250 |a 2a edición 
264 4 |a Oxford, Inglaterra :  |b Oxford University,  |c 2000, c2000 
300 |a XXXIII, 1497 p. 
336 |a texto  |b txt  |2 rdacontenido 
337 |a sin mediación  |b n  |2 rdamedio 
338 |a volumen  |b nc  |2 rdasoporte 
520 |a Contenido: 1) Introducción a las cuestiones y discursos de los derechos humanos, 2) Hasta los Juicios de Nuremberg: antecedentes del movimiento de los derechos humanos, 3) Derechos civiles y políticos, 4) Derechos económicos y sociales, 5) Derechos, deberes y relativismo cultural, 6) Tradiciones y derechos en conflicto: ejemplos, 7) La necesidad de organizaciones internacionales y su desafío a las nociones de soberanía, 8) El cumplimiento intergubernamental de las normas de derechos humanos: el sistema de Naciones Unidas, 9) Organos de tratados: el Comité de Derechos Humanos del Pacto Internacional de Derechos Civiles y Políticos (ICCPR), 10) Acuerdos regionales, 11) Sociedad civil: organizaciones no gubernamentales y otros grupos de derechos humanos, 12) Interpenetración de sistemas internacionales y nacionales: protección interna de los derechos humanos por los estados nacionales, 13) Cumplimiento por los estados contra estados violadores de los derechos humanos, 14) Tragedias masvias: fiscalías y comisiones de la verdad, 15) Autodeterminación y regímenes de autonomía y 16) Globalización, desarrollo y derechos humanos. 
521 |a 2011 BO Licenciatura en Derecho 
610 |a ONU 
649 |a XX 
650 |a Comisiones de la Verdad 
650 |a Organizaciones No Gubernamentales 
650 |a Organizaciones Internacionales 
650 |a Tratados Internacionales 
650 |a Relativismo Cultural -  |x Aspectos Jurídicos 
650 |a Desarrollo Económico-Social -  |x Aspectos Jurídicos 
650 |a Autonomía Política -  |x Aspectos Jurídicos 
650 |a Soberanía -  |x Aspectos Jurídicos 
650 |a Globalización -  |x Aspectos Jurídicos 
650 |a Política Internacional 
650 |a Derechos Políticos 
650 |a Derecho y Política 
650 |a Derechos Civiles 
650 |a Derecho Social 
650 |a Derechos Humanos -  |z Africa 
650 |a Derechos Humanos -  |z América 
650 |a Derechos Humanos -  |z Europa 
650 |a Derechos Humanos -  |x Historia 
650 |a Derechos Humanos -  |x Teoría 
650 |a Derechos Humanos -  |x Tema Principal 
650 |a Derecho Internacional Público 
650 |a Derecho Internacional 
650 |a Derecho Público 
650 |a Corte Interamericana de Derechos Humanos 
700 |a Alston, Philip  |e (autor) 
910 |a Fondo General 
920 |a Impresos - Libros 
930 |a Colección General 
905 |a 101 
901 |a 0500100176  |b IT1  |c ACC  |u 20250521 
901 |a 0500102941  |b IT1  |c ACC  |u 20250521 
902 |a https://opac.biblio.iteso.mx/vufind/Record/000165298